000 01434nam0a2200337 4500
001 RU\NLR\bibl\1841898
005 20250616172352.0
010 _a978-5-98222-588-7
_91000
021 _aRU
_b2011-87456
_96242
035 _a(nilc)RSL-KNO-005075492
035 _a(NLR Aleph) 001832353
090 _a2156706
_c2156706
100 _a20111114d2009 |||y0rusy50 ca
101 0 _arus
102 _aRU
105 _aa |||||||||
200 1 _aМетодология бухгалтерского учета и экономического анализа финансовых активов в коммерческих структурах: теория и практика
_eмонография
_fВ. Б. Малицкая
210 _aВоронеж
_cНаучная книга
_d2009
215 _a178 с.
_cил.
_d21
320 _aБиблиогр.: с. 174-178 (82 назв.)
606 1 _aКоммерческие организации
_xФинансы
_xБухгалтерский учет
_yРоссийская Федерация
_92292448
_3RU\NLR\auth\661372868
686 _aУ052.9(2)20-149.3,0
_2rubbk
686 _aУ053.9(2)261.9,0
_2rubbk
686 _aУ052.9(2)2-149.3
700 1 _aМалицкая
_bВ. Б.
_gВиктория Борисовна
_4070
801 0 _aRU
_bRuMoRKP
_c20111114
_grcr
801 1 _aRU
_bРГБ
_c20111114
801 2 _aRU
_bNLR
_c20111201
_grcr
942 _cBOOK
980 _aNB